00581pab a2200169 454500008004000000100002100040245008200061260000900143300001400152362001200166650004700178650002500225773002600250909001100276999001900287952010500306180718b2015 xxu||||| |||| 00| 0 eng d aMoitra, Tanusree aFamilial and personality correlates of juvenile delinquency in Kolkata, India c2015 ap.97-115. aOct-Dec aJuvenile delinquency - India - West bengal aJuvenile delinquency aIndian Police Journal a113045 c113040d113040 00104070aIIPAbIIPAd2018-07-19hVolume no: 62, Issue no: 4pAR113505r2018-07-19w2018-07-19yAR